000 00464nam a22001817a 4500
008 170620b xxu||||| |||| 00| p tur d
020 _a9789756070932
041 _atur
050 _aPL234.A472
100 _9260
_aYusuf Alper
245 _aOynayan ve Avunan
_cYusuf Alper
250 _a1. baskı
260 _aİzmir
_bİlya Yayınevi
_cNisan 2007
300 _a78 sayfa
500 _aİle Şiir Dizisi: 02
650 0 _9145
_aTürk Edebiyatı
942 _2lcc
_cBK
999 _c817
_d805